000 00268nam a22000977a 4500
005 20250901165457.0
008 210409b ||||| |||| 00| 0 eng d
050 _aE184 .B84 1976
245 _aPUERTO RICANS IN THE CONTINTAL UNITED STATES
_bAN UNCERTAIN FUTURE
942 _2lcc
999 _c4604
_d4604